000 00852nam a22002417a 4500
005 20240614125309.0
010 _aENG-140618
020 _c999.00
_a9789356068957
035 _aEN-124150
037 _bDBAD
082 _a658.1591
_216
100 _aHorngren, Charles T.
_967525
245 _aIntroduction to Management Accounting/
_cBy Charles T. Horngren...[et.al]
250 _a16
260 _aNoida
_bPearson India Education Pvt Ltd
_c2024
270 _a1st Floor, Berger Tower, Plot No. C-001/2, Sector 16B
_bNoida
_e201301
_mcompanysecretary.india@pearson.com
300 _a877p.
_c25cm(pbk)
700 _aSundem, Gary L
_eAuthor
_967521
700 _aSchatzberg, Jeff O
_eAuthor
_967522
700 _aBurgstahler, Dave
_eAuthor
_967523
700 _aKashiramka, Smita
_eAuthor
_967524
942 _2ddc
_cEN
_h658.1591
_mHOR
_e16
999 _c203608
_d203608